The catafalque /

Bibliographic Details
Main Author: Goldston, Robert C.
Format: Book
Language:English
Published: New York : Rinehart, [1958]

MARC

Tag First Indicator Second Indicator Subfields
LEADER 00000cam a2200000 4500
001 in00000025435
005 20151007062435.0
008 751031s1958 nyua 00001 eng c
010 |a  58005138  
035 |a (OCoLC)01748654 
035 |9 AAD4893AM 
040 |a MoU  |c JPL  |d TXA  |d UtOrBLW 
049 |a TXAM  |c [288998] 
050 0 0 |a PZ4.G6415  |b Cat 
090 |a PS3513.O346  |b C27 1958 
092 |a 813  |b G624c 
100 1 |a Goldston, Robert C. 
245 1 4 |a The catafalque /  |c Robert C. Goldston ; illustrated by Gretchen Seltzer. 
264 1 |a New York :  |b Rinehart,  |c [1958] 
264 4 |c ©1958 
300 |a 314 pages :  |b illustrations ;  |c 22 cm. 
336 |a text  |b txt  |2 rdacontent 
337 |a unmediated  |b n  |2 rdamedia 
338 |a volume  |b nc  |2 rdacarrier 
999 |a MARS 
999 f f |s 2a82aa6e-1238-3e5d-bdf3-46012e420f6a  |i bace9987-13b5-350f-9d40-e233a61a9b6f  |t 0 
952 f f |p ric  |a Texas A&M University  |b Rellis Campus  |c Joint Library Facility  |d Remote Storage  |t 0  |e PS3513.O346 C27 1958  |h Library of Congress classification  |i unmediated -- volume  |m A14801238475 
998 f f |a PS3513.O346 C27 1958  |t 0  |l Remote Storage